000 00720nam a2200229Ia 4500
001 10095
003 GE_BSU
008 181216s||||||||xx |||||||||||||| ||und||
040 _cGE_BSU
080 _a821.353.1–32
100 _aსიხარულიძე,უშანგი
245 _aსაქმე №209
245 _bდოკუმ.მოთხრობა
245 _cრედ.შ.ზოიძე.მხატვ.ლ.სეიდიშვილი
260 _aბათუმი
260 _bსაბჭოთა აჭარა
260 _c1974
300 _a114გვ. 16სმ.
653 _aდოკუმ.მოთხრობა
653 _aსაქმე №209
942 _cBK
999 _c43367
_d43367